000 00837nam a2200265Ia 4500
003 OSt
005 20220928120027.0
006 a|||||r|||| 00| 0
007 ta
008 220927b |||||||| |||| 00| 0 eng d
020 _c1629.5999999999999
024 _a106339
037 _b2446, 01/02/2010, New India Book Agency
_cTextual
040 _aSDCL
_cSDCL
_beng
041 _2eng
_aeng
082 _aS:86, P6
100 _aRoemer Lizabeth
_9447282
245 0 _aMindfulness- and acceptance-based behavioral therapies in practice.
260 _aNew York
_b Guilford Press
_c2009
300 _axii, 244p
_ccm.
650 _aPsychology
700 _a Orsillo Susan M
_9447283
942 _hS:86, P6
_cTEXL
_2CC
999 _c761968
_d761968